Language Quiz

Random Language or Letter Quiz

Starting with Body Parts - Words Challenge Quiz Stats

 Plays Quiz not verified by Sporcle

Score 0/36 Timer 08:00
0 Plays Today
Clue Answer % Correct
ChinChina
92.4%
ArmArmy
90%
EarEarth
90%
JawJaws
88%
EyeEyewitness
87.3%
ArmArmadillo
86.1%
EyeEyelash
85.7%
HipHippopotamus
83.7%
HandHandle
83.3%
JawJawbreaker
82.5%
ChinChinchilla
80.5%
EyeEyelid
79.7%
LipLiposuction
79.3%
ArmArmageddon
78.5%
HipHippie
75.7%
GumGumbo
75.3%
RibRibcage
74.9%
LegLego
74.5%
Clue Answer % Correct
LipLipgloss
68.9%
ToeToenail
67.7%
EarEarwig
67.3%
RibRibbon
66.9%
JawJawbone
65.7%
HandHandel
63.3%
RibRiboflavin
63.3%
HipHippocratic
62.9%
EarEarl
59.8%
HandHandicap
59.4%
LegLegion
59.4%
LegLeghorn
53.8%
GumGumption
51.8%
ToeToejam
50.6%
GumGumboots
26.3%
ChinChintz
19.9%
ToeToerag
17.5%
LipLippizaner
11.6%

You're not logged in!

Compare scores with friends on all Sporcle quizzes.
OR
Log In

You Might Also Like...

Show Comments

Extras

Created Jun 2, 2010ReportNominate
Tags:Letter Quiz, body, start, three

Top Quizzes Today


Score Distribution

Your Account Isn't Verified!

In order to create a playlist on Sporcle, you need to verify the email address you used during registration. Go to your Sporcle Settings to finish the process.

Report this User

Report this user for behavior that violates our Community Guidelines.

Details: